Sách tra cứu

محفوظ في:
التفاصيل البيبلوغرافية
التنسيق: كتاب
الوسوم: إضافة وسم
لا توجد وسوم, كن أول من يضع وسما على هذه التسجيلة!
Thư viện lưu trữ: Mạng thư viện Đại học Đà Nẵng
LEADER 00521nam a2200193 4500
001 000008647
003 4839
005 20150812140801.0
008 111019s sd
245 0 0 |a Sách tra cứu 
774 |d H.  |d Khoa học và kỹ thuật  |d 1978  |g T.1  |h 439 tr.  |t Tra cứu các chất  |w 4840 
OWN |a LSP 
999 |a From the UDN01 
TYP |a Monograph 
TYP |a Printed language 
980 |a Mạng thư viện Đại học Đà Nẵng